| 000 -LEADER |
| fixed length control field |
00324nam a22001457a 4500 |
| 008 - FIXED-LENGTH DATA ELEMENTS--GENERAL INFORMATION |
| fixed length control field |
210429b ||||| |||| 00| 0 eng d |
| 020 ## - INTERNATIONAL STANDARD BOOK NUMBER |
| International Standard Book Number |
9780060469375 |
| 041 ## - LANGUAGE CODE |
| Language code of text/sound track or separate title |
eng |
| 080 ## - UNIVERSAL DECIMAL CLASSIFICATION NUMBER |
| Edition identifier |
4th |
| Universal Decimal Classification number |
330.101.541 |
| 082 ## - DEWEY DECIMAL CLASSIFICATION NUMBER |
| Classification number |
330.101.541 |
| 100 ## - Rafti |
| Rafti |
52 |
| 101 ## - Shkurtesa |
| Shkurtesa |
MAK |
| 245 ## - TITLE STATEMENT |
| Title |
Macroeconomics |
| Statement of responsibility, etc |
Waud,R.N |
| 942 ## - ADDED ENTRY ELEMENTS (KOHA) |
| Source of classification or shelving scheme |
|
| Item type |
Books |